Rieles y durmientes: una vía al progreso. Antecedentes de la organización social y económica de la empresa FF.CC. del Estado Valparaíso, Santiago 1852-1875

Na minha lista:
Detalhes bibliográficos
Autor principal: Vergara Lasnibat, Felipe (Autor)
Formato: Livro
Idioma:espanhol
Publicado em: Valparaíso Punta Angeles 2003
Edição:1a. ed
Assuntos:
Tags: Adicionar Tag
Sem tags, seja o primeiro a adicionar uma tag!

MARC

LEADER 00000nam a2200000 a 4500
001 UCI3158
003 CL-VaPUC
008 071012e20030000CL |||||||||||||||||spa|d
020 |a 9562960072 
082 0 4 |a 625.1  |b VER  |2 21 
100 0 |a Vergara Lasnibat, Felipe  |e author  |9 524570 
245 1 0 |a Rieles y durmientes: una vía al progreso. Antecedentes de la organización social y económica de la empresa FF.CC. del Estado Valparaíso, Santiago 1852-1875 
250 |a 1a. ed 
300 |a 108 p 
942 |c BK 
945 |d 20071012 00:00:00  |a jtorresc 
260 |a Valparaíso  |b Punta Angeles  |c 2003 
650 0 |a Ferrocarriles  |9 260933 
650 7 |a EMPRESA DE TRANSPORTES  |2 CL-VaPUC  |9 524571 
650 7 |a FERROCARRILES DEL ESTADO  |2 CL-VaPUC  |9 524572 
650 0 |a Administración  |9 259325 
651 0 |a Santiago  |9 265444 
651 7 |a CHILE  |2 CL-VaPUC  |9 524573 
651 0 |a Valparaíso, Chile  |9 261144 
583 |a last modification  |c 20071012 00:00:00  |k Rodrigo Vera 
999 |c 327531  |d 327529 
952 |0 0  |1 0  |4 0  |6 625_100000000000000_VER_2003  |7 0  |8 A  |9 410457  |a BIBHIS  |b BIBHIS  |d 2019-11-22  |i 4377559  |o 625.1 VER 2003  |p 4377559  |r 2025-01-20  |w 2019-11-22  |y BK  |k HIS